Un indice = Un code #2 - Statistiques

Statistiques générales
  • Ce quiz a été pris 50 fois
  • Le résultat moyen est 8 sur 20
Statistiques - réponses
Indice(s) Composition du Code Code (Réponse) % Correct
Un des Classiques d'animation Disney (Les --- ---------) 3 chiffres et 10 lettres 101dalmatiens
98%
Depuis 2003, signalétique Européenne à partir duquel un jeu vidéo peut être conseillé, ici celle réservée aux adultes. 4 lettres et 2 chiffres PEGI18
85%
Groupe de musique pop américain, originaire de Los Angeles, dont le chanteur est Adam Levine. 6 lettres et 1 chiffre Maroon5
74%
Un virus présentant la combinaison antigénique ---- fut responsable de la pandémie de grippe espagnole de 1918-1919. 1 lettre 1 chiffre 1 lettre 1 chiffre H1N1
48%
Le nom de famille du joueur, auteur d'un doublé contre l'Argentine lors de ce 4-3, et son numéro de maillot. 6 lettres et 2 chiffres Mbappe10
48%
Chaîne de télévision généraliste nationale et gratuite française, qui diffuse sur le canal 22 de la TNT. 1 chiffre et 3 lettres 6ter
46%
Nom de la catastrophe nucléaire du 26 avril 1986 et le numéro du réacteur par lequel l'accident majeur est arrivé. 10 lettres et 1 chiffre Tchernobyl4
46%
Titre du roman d'anticipation dystopique de Ray Bradbury. Cette température équivaut à 232,8 °C. 10 lettres et 3 chiffres Fahrenheit451
41%
La responsable qualité au nom de capitale dans la Série Casa de Papel. 7 lettres Nairobi
41%
Jeu vidéo d'action-aventure à Liberty City, qui se démarque des précédents volets par l'apparition d'un moteur 3D. 3 lettres et 1 chiffre GTA3
39%
Après 0,1 et 1, indiquez les quatre premiers chiffres de la Suite de Fibonacci 4 chiffres 2358
33%
Lieu (pays) et année de la bataille de Waterloo (Guerre Napoléonienne). 8 lettres et 4 chiffres Belgique1815
33%
Marque de jean et numéro du lot de tissu connu dans lequel furent taillés les premiers jeans (denim) 5 lettres et 3 chiffres Levis501
33%
Série télévisée américaine avec Johnny Depp, autour d'une brigade de police spéciale, située dans une ancienne chapelle. 2 chiffres et 9 lettres 21JumpStreet
28%
Lieu (ville) et année du 1/8ème de finale de Coupe du Monde de Football, gagné par la France 4 à 3 contre l'Argentine. 5 lettres et 4 chiffres Kazan2018
24%
Jean Alesi a remporté le Grand Prix du Canada de F1 en 1995 : avec quelle écurie, et quel numéro de pilote ? 7 lettres et 2 chiffres Ferrari27
15%
Nom et numéro du département Français actuel, dont le Gévaudan a servi de base pour sa formation à la Révolution Française. 6 lettres et 2 chiffres Lozere48
15%
Voiture de marque Sochalienne présentée en 1929, c'est la Première voiture Française à être équipée de roues avant indépendantes. 7 lettres et 3 chiffres Peugeot201
15%
Nationalité de Jan Zelezny, recordman du lancer de javelot depuis 1996, et le nombre de mètres atteint. 7 lettres et 2 chiffres Tchèque98
13%
Trouvez la Racine carrée de 169 qui correspond au 19ème album studio d'un groupe de heavy metal britannique à identifier. 2 chiffres et 12 lettres 13blacksabbath
9%
Aucun quiz correspondant
Distribution des résultats
% des personnes avec chaque résultat
Percentile par nombre de réponses
Votre historique - résultats
Vous n’avez pas pris ce quiz